Sin Miedo (del Amor y Otros Demonios) ∞ - Kali Uchis (Tracklist) - Statistics

General Stats
  • This quiz has been taken 7 times
  • The average score is 4 of 13
Answer Stats
TRACKS % Correct
aguardiente y limón
60%
ángel sin cielo
60%
fue mejor (with PARTYNEXTDOOR)
60%
telepatía
60%
de nadie
40%
la luna enamorada
40%
quiero sentirme bien
40%
​¡aquí yo mando! (with Rico Nasty)
20%
la luz(Fín) (with JHAYCO)
20%
no eres tu (soy yo)
20%
vaya con dios
20%
que te pedí
0%
te pongo mal (prendelo)
0%
No matching quizzes found
Score Distribution
Percent of People with Each Score
Percentile by Number Answered
Your Score History
You have not taken this quiz